| 000 | 00469nam a2200205Ia 4500 | ||
|---|---|---|---|
| 999 |
_c126563 _d126563 |
||
| 003 | 0100 | ||
| 008 | 130227s9999 xx 000 0 und d | ||
| 040 | _cARRUPELIB | ||
| 050 | _aB808.5.C37 | ||
| 100 |
_aCooper, David E. _914834 |
||
| 245 | _aPhilosophy and the nature of language | ||
| 260 | _aLongon | ||
| 260 | _bLongman | ||
| 300 | _a222p. | ||
| 300 | _b 23 cm | ||
| 440 |
_aLongman Linguisitcs library _933583 |
||
| 650 |
_bPrayer _933584 |
||
| 942 |
_2lcc _01 _cMONOGRAPH |
||